000
00245pam a2200145 a 4500
020
_c
041
_h
100
_a
M.S.Mani
245
_a
Insects
250
_a
Ist
260
_c
1971
300
_a
162
653
_a
Zoology
930
_a
917
999
_c
246770
_d
246770